Statistieken voor Madagaskar Trivia Quiz

Klik hier om de quiz te nemen!

Algemene statistieken

  • Deze quiz is 225 keer genomen
  • De gemiddelde score is 9 van 17

Antwoordstatistieken

HintAntwoord% Correct
Eilanden die groter zijn dan MadagaskarGroenland
87%
Dichtbijzijnste Afrikaanse land op het continentMozambique
87%
HoofdstadAntananarivo
86%
Officiële taalFrans
85%
Eilandstaat tussen Madagaskar en dat land inComoren
82%
Verrassend genoeg kwamen de oorspronkelijke kolonisten van Madagaskar niet uit Afrika, maar zeilden ze vanuit dit Zuidoost-Aziatische landIndonesië
76%
Familie van primaten die alleen op Madagaskar voorkomt{Maki}'s
63%
Eilanden die groter zijn dan MadagaskarBorneo
59%
Beroemde bomen met dikke stammenBaobab
54%
Eilanden die groter zijn dan MadagaskarNieuw-Guinea
52%
Officiële taalMerina
39%
De naam "Madagascar" is mogelijk bedacht door deze 13e-eeuwse Italiaanse ontdekkingsreiziger, die het eiland verwarde met de stad Mogadishu.Marco Polo
38%
90% van de planten- en diersoorten van Madagaskar zijn _____, wat betekent dat ze
nergens anders te vinden zijn
Endemisch
32%
Gigantische vogel die vijf keer zoveel woog als een struisvogel (uitgestorven rond 1200 na Christus){Olifant}svogel
29%
Nationale sport van MadagaskarRugby Union
28%
Madagaskar's grootste exportVanille
27%
Madagaskar is verantwoordelijk voor 50% van de wereldproductie van deze blauwe stenenSaffier
24%

Scoreverdeling

Percentiel versus Aantal Correcte Antwoorden

Procent van Mensen met Elke Score

Uw Scoregeschiedenis

U heeft deze quiz nog niet genomen